Štátna pomoc a jej vplyv na regionálnu nezamestnanosť bakalárska práca

Salvato in:
Dettagli Bibliografici
Autore principale: Gažková, Michaela
Ente Autore: Národohospodárska fakulta EU. Katedra hospodárskej politiky
Altri autori: Skaličanová, Barbora
Natura: Libro
Lingua:slovacco
Pubblicazione: Bratislava 2016
Tags: Aggiungi Tag
Nessun Tag, puoi essere il primo ad aggiungerne!!

MARC

LEADER 00000nbm a2200000 4500
001 0221427
005 20161125143623.5
041 0 |a slo 
044 |a SK 
245 1 0 |a Štátna pomoc a jej vplyv na regionálnu nezamestnanosť  |b bakalárska práca  |c Michaela Gažková ; školiteľ: Barbora Skaličanová 
264 1 |a Bratislava  |c 2016 
300 |a 49 s. 
100 1 |a Gažková, Michaela 
700 1 |a Skaličanová, Barbora 
710 2 |a Národohospodárska fakulta EU. Katedra hospodárskej politiky